| 000 | 00878cam a2200277Ia 4500 | ||
|---|---|---|---|
| 001 | 37711 | ||
| 005 | 20230410101802.0 | ||
| 008 | 020508s1997 nq a 000 0 eng d | ||
| 035 | _a(OCoLC)ocm49744928 | ||
| 040 |
_aFQG _cFQG _dOCLCQ |
||
| 035 | _a(OCoLC)49744928 | ||
| 043 | _ancnq--- | ||
| 050 | 1 | 4 |
_a113 F 1524.3 _bN583 1997 |
| 082 | 0 | 0 | _a972.85 |
| 245 | 0 | 0 |
_aNicaragua / _ceditor, Tove Blom ; English translation Judy Butler, Gareth Richards. |
| 250 | _a2a ed. | ||
| 260 |
_a[Managua, Nicaragua] : _bBanco Central de Nicaragua, _c1997. |
||
| 300 |
_axxxiv, [189] p. : _bchiefly col. ill. ; _c30 x 35 cm. |
||
| 546 | _aEnglish and Spanish. | ||
| 500 | _aOriginally published in 1996. | ||
| 651 | 0 |
_aNicaragua _vPictorial works. |
|
| 651 | 0 |
_aNicaragua _xDescription and travel. |
|
| 710 | 2 | _aBanco Central de Nicaragua. | |
| 942 |
_2lcc _cbk |
||
| 994 |
_aC0 _bDRFGD |
||
| 999 |
_c13978 _d13978 |
||